000 00690nam a2200289Ia 4500
005 20260324134114.0
008 008 260324s9999 xx 000 0 eng d
020 _a9781315069593
037 _aEBOOK
040 _aCRL
040 _beng
040 _cCRL
041 _2eng
041 _aeng
084 _qCRL
100 _aCollette Drifte; Mike Jubb
_91195590
245 2 _aA Poetry Teacher's Toolkit
245 0 _bBook 4: Language and Performance
260 _bTaylor and Francis
260 _c2002
365 _a
365 _b205
856 _uhttp://www.taylorfrancis.com/books/9781315069593
942 _cEBOOK
999 _c1795302
_d1795302